00390pab a2200133 454500008004000000100002000040245008500060260000900145300001400154362000800168650001700176700001600193773004700209180718b2009 xxu||||| |||| 00| 0 eng d aJones, Derek C. aTust, inequality and the size of the co-operative sector: cross-country evidence c2009 ap.165-95. aJun aCooperatives aKalmi, Panu aAnnals of Public and Cooperative Economics